00836nam a22002537a 450000500170000001000130001702000100003003500130004003700160005304000120006908200130008110000230009424500670011724600060018426000360019027000430022630000230026950000190029265000410031165000350035294200220038799900190040995201540042820170124105911.0 aA-227003 c30.00 aA-227003 bCen Lib/Ret aDPLbEN a010bOHD aOhdedar, A. K.992 aSystematic bibliography and documentation /cby A. K. Ohdedar  b  bThe World Pressc1975aCalcutta a37A, College Street bCalcuttae700012 av, 273p.c22cm(Hb) aincludes index alibrary sciencesxDocumentation 993 aBibliographical techniques994 2ddccENh010mOHD c122527d122527 04102ddc40708NFICaLbLd2015-05-27eCen Lib/Retg30.00l0o010 OHDpA-227003r2018-01-15 00:00:00t1v30.00w2016-09-15yENzW/d list no. 6815/5